[Event "Wch U12"]
[Site "Pocos de Caldas"]
[Date "2017.08.23"]
[Round "2"]
[White "Lubbe, David Stefanus"]
[Black "Gutierrez Reich, Francisco"]
[Result "0-1"]
[WhiteElo "1236"]
[BlackElo "1515"]
[PlyCount "74"]
[EventDate "2017.08.22"]
[EventType "swiss"]
[EventRounds "11"]
[EventCountry "BRA"]
[SourceTitle "CBM 180 Extra"]
[Source "ChessBase"]
[SourceDate "2017.10.06"]
[SourceVersion "1"]
[SourceVersionDate "2017.10.06"]
[SourceQuality "1"]

1. e4 d6 2. d4 Nf6 3. Nc3 g6 4. f4 Bg7 5. Nf3 0-0 6. e5 dxe5 7. fxe5 Nd5 8. Nxd5 Qxd5 9. Bg5 Nc6 10. Be2 h6 11. Bf4 Bf5 12. 0-0 g5 13. Bg3 e6 14. Qd2 g4 15. Nh4 Nxd4 16. Nxf5 Nf3+ 17. Bxf3 Qxd2 18. Ne7+ Kh8 19. Bxg4 Qd4+ 20. Rf2 Qxg4 21. Raf1 Rad8 22. Rf4 Qe2 23. Bh4 Rd1 24. Bf6 Rxf1+ 25. Rxf1 Qe3+ 26. Rf2 Bxf6 27. exf6 Rd8 28. Ng6+ fxg6 29. g3 Rd1+ 30. Kg2 Rd2 31. f7 Qxf2+ 32. Kh3 Qxh2+ 33. Kg4 Qh5+ 34. Kf4 Qf5+ 35. Ke3 Qf2+ 36. Ke4 Qd4+ 37. Kf3 Rf2# 0-1

[Event "RSA-ch U12"]
[Site "Gauteng"]
[Date "2017.04.08"]
[Round "6"]
[White "Mostert, Gert"]
[Black "Lubbe, David Stefanus"]
[Result "1-0"]
[WhiteElo "1370"]
[BlackElo "1455"]
[PlyCount "36"]
[EventDate "2017.04.05"]
[EventType "swiss"]
[EventRounds "11"]
[EventCountry "RSA"]
[SourceTitle "CBM 177 Extra"]
[Source "ChessBase"]
[SourceDate "2017.04.27"]
[SourceVersion "1"]
[SourceVersionDate "2017.04.27"]
[SourceQuality "1"]

1. e4 e5 2. Nc3 Nc6 3. Bc4 Nf6 4. d3 Be7 5. f4 d6 6. Nf3 Bg4 7. h3 Bxf3 8. Qxf3 Nd4 9. Qf2 Nh5 10. Bxf7+ Kxf7 11. fxe5+ Bf6 12. exf6 Qxf6 13. 0-0 Ke8 14. Qxf6 Nxf6 15. Rf2 Ke7 16. Be3 Nc6 17. Rd1 Rae8 18. Bg5 Nd4 1-0

[Event "RSA-ch U12"]
[Site "Gauteng"]
[Date "2017.04.07"]
[Round "4"]
[White "Moagi, Ntuma"]
[Black "Lubbe, David Stefanus"]
[Result "0-1"]
[WhiteElo "1361"]
[BlackElo "1455"]
[PlyCount "36"]
[EventDate "2017.04.05"]
[EventType "swiss"]
[EventRounds "11"]
[EventCountry "RSA"]
[SourceTitle "CBM 177 Extra"]
[Source "ChessBase"]
[SourceDate "2017.04.27"]
[SourceVersion "1"]
[SourceVersionDate "2017.04.27"]
[SourceQuality "1"]

1. d4 Nf6 2. Nf3 c5 3. d5 d6 4. c4 g6 5. Nc3 Bg7 6. Bg5 Bf5 7. e3 Nbd7 8. Bd3 Bxd3 9. Qxd3 0-0 10. 0-0 Nb6 11. Rfe1 Qc7 12. Nd2 Nbd7 13. Nf3 Rfe8 14. e4 Ng4 15. Bf4 Nge5 16. Qe2 Qb6 17. Bg5 Qb4 18. Nb5 Qa5 0-1

[Event "RSA-ch U12"]
[Site "Gauteng"]
[Date "2017.04.05"]
[Round "1"]
[White "Lubbe, David Stefanus"]
[Black "Koen, Ivan"]
[Result "1-0"]
[WhiteElo "1455"]
[BlackElo "1119"]
[PlyCount "54"]
[EventDate "2017.04.05"]
[EventType "swiss"]
[EventRounds "11"]
[EventCountry "RSA"]
[SourceTitle "CBM 177 Extra"]
[Source "ChessBase"]
[SourceDate "2017.04.27"]
[SourceVersion "1"]
[SourceVersionDate "2017.04.27"]
[SourceQuality "1"]

1. e4 c5 2. c3 e5 3. Nf3 Nc6 4. Bc4 Nf6 5. d3 Be7 6. Be3 0-0 7. 0-0 b6 8. Nbd2 Bb7 9. Bb3 d6 10. Re1 d5 11. exd5 Nxd5 12. Nc4 f6 13. Bd2 Kh8 14. Qc1 Nf4 15. Bxf4 exf4 16. Qxf4 Qxd3 17. Rad1 Qg6 18. Nh4 Qe8 19. Ba4 Rb8 20. Nf5 Qf7 21. Bxc6 Bxc6 22. Rxe7 Qg6 23. Rxg7 Qh5 24. f3 Bb5 25. Nce3 a6 26. Ng3 Qe8 27. Qh6 Qg6 1-0

[Event "RSA-chT U12"]
[Site "Cape Town"]
[Date "2016.01.05"]
[Round "4.1"]
[White "Lubbe, David Stefanus"]
[Black "Staal, Michaela Francis"]
[Result "1-0"]
[WhiteElo "1262"]
[BlackElo "1172"]
[PlyCount "103"]
[EventDate "2016.01.04"]
[EventType "team-tourn"]
[EventRounds "7"]
[EventCountry "RSA"]
[SourceTitle "CBM 170 Extra"]
[Source "ChessBase"]
[SourceDate "2016.02.25"]
[SourceVersion "1"]
[SourceVersionDate "2016.02.25"]
[SourceQuality "1"]
[WhiteTeam "Kenneth Kaunda"]
[BlackTeam "Johannesburg Metro"]
[WhiteTeamCountry "RSA"]
[BlackTeamCountry "RSA"]

1. e4 e5 2. Nf3 Nc6 3. Bc4 Bc5 4. d3 h6 5. Nc3 Nf6 6. Be3 Bb4 7. Qd2 0-0 8. a3 Bxc3 9. Qxc3 d5 10. exd5 Nxd5 11. Bxd5 Qxd5 12. h3 Re8 13. 0-0 a5 14. Qd2 e4 15. dxe4 Qxe4 16. Rae1 Rd8 17. Qc1 Ne5 18. Nxe5 Qxe5 19. Bxh6 Qh5 20. Bf4 Qg6 21. Re3 Kh7 22. Rg3 Qc6 23. Re1 Be6 24. c3 Re8 25. Qd1 g6 26. Qc1 Rad8 27. Be5 Bb3 28. Qg5 f5 29. Qh4+ Kg8 30. Qh8+ Kf7 31. Qg7+ Ke6 32. Rxg6+ Kd5 33. Rxc6 bxc6 34. Qxc7 Ba4 35. Qxa5+ Ke6 36. Qxa4 Kf7 37. Qxc6 Re7 38. Qf6+ Ke8 39. Qh8+ Kf7 40. Qxd8 f4 41. Qxe7+ Kxe7 42. Bxf4+ Kd7 43. h4 Kc6 44. h5 Kb5 45. h6 Kc4 46. h7 Kb3 47. h8Q Kc2 48. Rc1+ Kb3 49. Qg8+ Kxb2 50. Qb8+ Ka2 51. Rc2+ Kxa3 52. Qb4# 1-0

[Event "RSA-ch U10"]
[Site "Waterkloof"]
[Date "2015.04.09"]
[Round "9"]
[White "Lubbe, David Stefanus"]
[Black "Mostert, Gert"]
[Result "1-0"]
[WhiteElo "1186"]
[BlackElo "1115"]
[PlyCount "91"]
[EventDate "2015.04.04"]
[EventType "swiss"]
[EventRounds "9"]
[EventCountry "RSA"]
[SourceTitle "CBM 166 Extra"]
[Source "ChessBase"]
[SourceDate "2015.06.18"]
[SourceVersion "1"]
[SourceVersionDate "2015.06.18"]
[SourceQuality "1"]

1. e4 e5 2. Nf3 Nc6 3. Bc4 Be7 4. d4 d6 5. c3 Nf6 6. Qc2 0-0 7. Be3 Bg4 8. Nbd2 Qd7 9. h3 Bh5 10. Bb5 a6 11. Bd3 Rad8 12. 0-0 exd4 13. cxd4 d5 14. e5 Nb4 15. Qc3 Nxd3 16. exf6 gxf6 17. Qxd3 Kh8 18. Kh1 Bg6 19. Qc3 Bf5 20. Ng1 c6 21. a3 Bd6 22. Rac1 Rg8 23. f4 Rg7 24. Rf2 Rdg8 25. Rcf1 Rg3 26. b4 Qe8 27. Ndf3 Qf8 28. Nh4 Bd7 29. f5 Qg7 30. Qd2 Re8 31. Ngf3 Re4 32. Bh6 Qg8 33. Rg1 Qe8 34. Re1 Rg8 35. Rxe4 Qxe4 36. Re2 Qb1+ 37. Re1 Qb3 38. Qe3 Qb2 39. Qd2 Qb3 40. Qc1 Bg3 41. Re7 Bc8 42. Rxf7 Bxh4 43. Nxh4 Qg3 44. Ng6+ hxg6 45. Bg7+ Rxg7 46. Qh6+ 1-0

[Event "RSA-ch U10"]
[Site "Waterkloof"]
[Date "2015.04.08"]
[Round "8"]
[White "Dykema, Joshua Damain"]
[Black "Lubbe, David Stefanus"]
[Result "1-0"]
[WhiteElo "1238"]
[BlackElo "1186"]
[PlyCount "151"]
[EventDate "2015.04.04"]
[EventType "swiss"]
[EventRounds "9"]
[EventCountry "RSA"]
[SourceTitle "CBM 166 Extra"]
[Source "ChessBase"]
[SourceDate "2015.06.18"]
[SourceVersion "1"]
[SourceVersionDate "2015.06.18"]
[SourceQuality "1"]

1. d4 Nf6 2. f4 g6 3. Nf3 Bg7 4. e3 d6 5. Bd3 0-0 6. 0-0 c5 7. c3 Nc6 8. Nbd2 Qc7 9. Qe1 Bd7 10. e4 e5 11. fxe5 dxe5 12. d5 Ne7 13. Nc4 Nc8 14. Nfxe5 Bb5 15. Bf4 Nh5 16. Nxg6 Nxf4 17. Nxf4 Bh6 18. Qg3+ Bg7 19. Nh5 Qxg3 20. Nxg3 Bxc4 21. Bxc4 Nd6 22. Bd3 c4 23. Bc2 Kh8 24. Nf5 Nxf5 25. Rxf5 Rae8 26. Raf1 Re7 27. Re1 f6 28. Ref1 h6 29. Re1 Kg8 30. b3 cxb3 31. Bxb3 Kh8 32. c4 b6 33. Ba4 Kh7 34. Bc6 Kh8 35. g4 Rd8 36. Kf2 Rd6 37. Kf3 Kg8 38. Rb1 Kf7 39. Rc1 Kf8 40. c5 bxc5 41. Rxc5 Kf7 42. Rb5 Kf8 43. Ke3 Kf7 44. Rf1 Kg6 45. h4 h5 46. gxh5+ Kxh5 47. Rb2 Bh6+ 48. Kd3 Bg7 49. Rf5+ Kh6 50. a4 a6 51. Rb8 Kh7 52. Ra8 a5 53. Rxa5 Rc7 54. Ra8 Rcxc6 55. a5 Ra6 56. Rxa6 Rxa6 57. Kc4 Rxa5 58. d6 Rxf5 59. exf5 Bf8 60. Kd5 Kh6 61. Ke6 Bxd6 62. Kxd6 Kg7 63. Ke6 Kf8 64. Kxf6 Kg8 65. Kg6 Kf8 66. h5 Kg8 67. h6 Kh8 68. Kf7 Kh7 69. f6 Kh8 70. Ke7 Kh7 71. f7 Kxh6 72. f8Q+ Kh7 73. Qf5+ Kh6 74. Qg4 Kh7 75. Kf7 Kh8 76. Qg7# 1-0